Man's Search For Meaning (Record no. 369765)

MARC details
000 -LEADER
fixed length control field 00433nam a2200169 4500
005 - DATE AND TIME OF LATEST TRANSACTION
control field 20260108135752.0
008 - FIXED-LENGTH DATA ELEMENTS--GENERAL INFORMATION
fixed length control field 260108b |||||||| |||| 00| 0 eng d
020 ## - INTERNATIONAL STANDARD BOOK NUMBER
International Standard Book Number 978-1-84-604124-2
041 ## - LANGUAGE CODE
Language code of text/sound track or separate title English
082 ## - DEWEY DECIMAL CLASSIFICATION NUMBER
Classification number X 940.53 FRA
Item number B12130
100 ## - MAIN ENTRY--PERSONAL NAME
Author Frankl, Viktor E.
245 ## - TITLE STATEMENT
Title Man's Search For Meaning
260 ## - PUBLICATION, DISTRIBUTION, ETC.
Place of publication, distribution, etc. UK
Name of publisher, distributor, etc. Random House
Date of publication, distribution, etc. 2008
300 ## - PHYSICAL DESCRIPTION
Extent 154p
Other physical details pb
365 ## - TRADE PRICE
Price type code Rupaye
Price amount 399
Currency code INR
942 ## - ADDED ENTRY ELEMENTS (KOHA)
Koha item type Books
Holdings
Withdrawn status Lost status Source of classification or shelving scheme Damaged status Not for loan Collection code Home library Current library Date acquired Vendor Net Price Bill number Total Checkouts Full call number Barcode Date last seen Actual Price Bill Date Koha item type Original Barcode
    Dewey Decimal Classification     Non-fiction Smt. Bakul Tambat Institute of Nursing Education Smt. Bakul Tambat Institute of Nursing Education 30/12/2025 Amazon(online) 171-4262720-4741160 399.00 171-4262720-4741160   X 940.53 FRA B12130 BTIN-BK-12130 08/01/2026 399.00 17/10/2025 Books BTIN-BK-12130